Music Quiz

Random Music or Artist Quiz

My Top 10 Artists (Music) Quiz Stats

 Plays Quiz not verified by Sporcle

Also try: Who Sang it First?
Challenge
Share
Tweet
Embed
Score 0/10 Timer 08:00
0 Plays Today
Answer % Correct
Bob Marley
93.8%
Eminem
68.8%
Vybz Kartel
18.8%
Skindred
18.8%
Parkway Drive
18.8%
Lil Wayne
18.8%
Tech Nine
18.8%
Busy Signal
18.8%
Machine Gun Kelly
12.5%
Lamb of God
12.5%

You're not logged in!

Compare scores with friends on all Sporcle quizzes.
Join for Free
OR
Log In

You Might Also Like...

Show Comments

Extras

Created Jul 31, 2014ReportNominate
Tags:Artist Quiz, genre, Top 10

Top Quizzes Today


Score Distribution

Your Account Isn't Verified!

In order to create a playlist on Sporcle, you need to verify the email address you used during registration. Go to your Sporcle Settings to finish the process.

Report this User

Report this user for behavior that violates our Community Guidelines.

Details: